Contemporary chronicles : (Record no. 79343)

MARC details
000 -LEADER
fixed length control field 00606nam a22001817a 4500
005 - DATE AND TIME OF LATEST TRANSACTION
control field 20140218115938.0
010 ## - LCCN (DPL NO)
LC control number ENG-108523
020 ## - INTERNATIONAL STANDARD BOOK NUMBER
International Standard Book Number 9788186307601
Terms of availability 595.00
035 ## - SYSTEM CONTROL NUMBER
System control number EN-92056
037 ## - SOURCE OF ACQUISITION
Source of stock number/acquisition DBAD/PUB
082 ## - DEWEY DECIMAL CLASSIFICATION NUMBER
Classification number 320.954
100 ## - MAIN ENTRY--PERSONAL NAME
Personal name Al-Ahmed, Saikh Md Sabah
245 ## - TITLE STATEMENT
Title Contemporary chronicles :
Statement of responsibility, etc by Saikh Md. Sabah Al-Ahmed
Remainder of title polity, society & culture /
260 ## - PUBLICATION, DISTRIBUTION, ETC. (IMPRINT)
Place of publication, distribution, etc Guwahati
Name of publisher, distributor, etc DVS Publishers
Date of publication, distribution, etc 2013
270 ## - ADDRESS
Address H.B. Road Panbazar
City Guwahati
Postal code 781001
Telephone number 2638295
Fax number 0361-2511789
Electronic mail address dvspub@gmail.com
300 ## - PHYSICAL DESCRIPTION
Extent 231p. :
Dimensions 22cm(Hb)
Other physical details ill.
942 ## - ADDED ENTRY ELEMENTS (KOHA)
Source of classification or shelving scheme Dewey Decimal Classification
Item type English Books
Call number suffix ALA
Classification part 320.954
Holdings
Withdrawn status Lost status Not for loan Collection code Home library Current library Date acquired Source of acquisition Cost, normal purchase price Full call number Barcode Copy number Cost, replacement price Koha item type
    Not For Loan Non-fiction D.B.Act.Division D.B.Act.Division 13/09/2013 DBAD/PUB 595.00 320.954 ALA EN-92056 1 595.00 English Books

© Delhi Public Library
Hit Counter
free hit counter